| 000 | 01112cam a22003375i 4500 | ||
|---|---|---|---|
| 999 |
_c28389 _d28360 |
||
| 001 | 18754281 | ||
| 003 | EG-ScBUE | ||
| 005 | 20200322105621.0 | ||
| 008 | 150821s2016 enk f b 001 0 eng d | ||
| 020 | _a9781138932104 (pbk.) | ||
| 040 |
_aDLC _beng _erda _cDLC _dDLC _dEG-ScBUE |
||
| 082 | 0 | 4 |
_a808.06607 _bHIC _222 |
| 100 | 1 |
_aHicks, Wynford, _d1942- _eauthor. |
|
| 245 | 1 | 0 |
_aWriting for journalists / _cWynford Hicks [and four other]. |
| 250 | _aThird edition. | ||
| 264 | 1 |
_aAbingdon, Oxon ; _aNew York : _bRoutledge / Taylor & Francis Group, _c2016. |
|
| 300 |
_ax, 200 pages ; _c25 cm. |
||
| 336 |
_atext _btxt _2rdacontent |
||
| 337 |
_aunmediated _bn _2rdamedia |
||
| 338 |
_avolume _bnc _2rdacarrier |
||
| 490 | 0 | _aMedia skills | |
| 504 | _aIncludes bibliographical references and index. | ||
| 650 | 7 |
_aJournalism _xAuthorship. _2BUEsh |
|
| 653 |
_bCOMAME _cMarch2020 |
||
| 655 |
_vText book _933728 |
||
| 700 | 1 |
_aAdams, Sally, _d1933- _eauthor. |
|
| 700 | 1 |
_aGilbert, Harriett, _d1948- _eauthor. |
|
| 700 | 1 |
_aHolmes, Tim, _d1953- _eauthor. |
|
| 700 | 1 |
_aBentley, Jane, _eauthor. |
|
| 942 |
_2ddc _cBB |
||